BUBT Library Online Catalog

Marketing Research: a decision maker's tool : (Record no. 6196)

000 -LEADER
fixed length control field 00499nam a22001937a 4500
003 - CONTROL NUMBER IDENTIFIER
control field BUBTL
008 - FIXED-LENGTH DATA ELEMENTS--GENERAL INFORMATION
fixed length control field 191222b xxu||||| |||| 00| 0 eng d
020 ## - INTERNATIONAL STANDARD BOOK NUMBER
International Standard Book Number 9788131507872
082 ## - DEWEY DECIMAL CLASSIFICATION NUMBER
Classification number 658.83 / Sh21m
100 ## - MAIN ENTRY--PERSONAL NAME
Personal name Shao, Alan T.
9 (RLIN) 2692
245 ## - TITLE STATEMENT
Title Marketing Research: a decision maker's tool :
Remainder of title Alan T. Shao
300 ## - PHYSICAL DESCRIPTION
Extent 403 p.
Other physical details Ills.;
Dimensions 27cm.
500 ## - GENERAL NOTE
General note Includes index
521 ## - TARGET AUDIENCE NOTE
Target audience note BBA
Source purchase<br/>
526 ## - STUDY PROGRAM INFORMATION NOTE
Program name BBA
600 ## - SUBJECT ADDED ENTRY--PERSONAL NAME
Source of heading or term Purchase
856 ## - ELECTRONIC LOCATION AND ACCESS
Password 0
Logon 0
Link text Download
942 ## - ADDED ENTRY ELEMENTS (KOHA)
Source of classification or shelving scheme
Koha item type Books
Holdings
Withdrawn status Lost status Source of classification or shelving scheme Damaged status Not for loan Collection code Permanent location Current location Shelving location Date acquired Source of acquisition Total Checkouts Full call number Barcode Date last seen Copy number Price effective from Koha item type
        Not For Loan Non-fiction Bangladesh University of Business and Technology Library Bangladesh University of Business and Technology Library Marketing Stacks 11/30/2012 Purchase   658.83 / Z62m BUBTL-200315028 12/22/2019 C-1 12/22/2019 Books

More Information About Library

Library Hours

  • Open: 9.00 am. to 9.00 pm.
  • Only Sunday: 9.00 am. to 6.00 pm.
  • Closed: Holiday

Contact to the University

Bangladesh University of Business and Technology Library

  • Mirpurl-2, 1216.
  • Phone:
  • Fax:
  • E-Mail: admin.library@bubt.edu.bd

Contact to the Library

Contact Person:

Md. Abdul Hakim Shah
Joint Librarian
PABX No:  113
Cell No: 01816332931
E-mail: official: admin.library@bubt.edu.bd
Personal: hakim.shah@bubt.edu.bd


BUBT Library

Copyright © 2021